消滅した市 - Statistics

General Stats
  • This quiz has been taken 114 times
  • The average score is 20 of 27
Answer Stats
現在(当時)の市 消滅日 即日改称は除く 消滅した市 % Correct
埼玉県 さいたま市 2001.5.1 新設(新規名) 浦和市
97%
埼玉県 さいたま市 2001.5.1 新設(新規名) 大宮市
97%
福島県 会津若松市 1955.1.1 改称 若松市
93%
埼玉県 さいたま市 2005.4.1 編入 岩槻市
93%
埼玉県 さいたま市 2001.5.1 新設(新規名) 与野市
92%
岩手県 奥州市 2006.2.20 新設(新規名) 水沢市
90%
秋田県 由利本荘市 2005.3.22 新設(一部名) 本荘市
89%
岩手県 奥州市 2006.2.20 新設(新規名) 江刺市
89%
栃木県 那須塩原市 2005.1.1 新設(一部名) 黒磯市
84%
秋田県 大仙市 2005.3.22 新設(新規名) 大曲市
83%
宮城県 大崎市 2006.3.31 新設(新規名) 古川市
82%
福島県 いわき市 1966.10.1 新設(新規名) 平市
79%
栃木県 日光市 2006.3.20 新設(既存名) 今市市
79%
宮城県 仙台市 1988.3.1 編入 泉市
77%
茨城県 常総市 2006.1.1 改称 水海道市
75%
福島県 南相馬市 2006.1.1 新設(新規名) 原町市
71%
茨城県 ひたちなか市 1994.11.1 新設(新規名) 勝田市
70%
茨城県 ひたちなか市 1994.11.1 新設(新規名) 那珂湊市
69%
茨城県 筑西市 2005.3.28 新設(新規名) 下館市
69%
福島県 いわき市 1966.10.1 新設(新規名) 勿来市
67%
青森県 むつ市 1960.8.1 改称 大湊田名部市
63%
福島県 いわき市 1966.10.1 新設(新規名) 磐城市
63%
北海道 函館市 1973.12.1 編入 亀田市
60%
茨城県 坂東市 2005.3.22 新設(新規名) 岩井市
47%
福島県 いわき市 1966.10.1 新設(新規名) 常磐市
46%
福島県 いわき市 1966.10.1 新設(新規名) 内郷市
39%
青森県 十和田市 1956.10.10 改称 三本木市
30%
No matching quizzes found
Score Distribution
Percent of People with Each Score
Percentile by Number Answered
Your Score History
You have not taken this quiz